| 000 | 00751nmc a2200265 a 4500 | ||
|---|---|---|---|
| 003 | AR-BaBNM | ||
| 005 | 20251128211805.0 | ||
| 008 | 146020s2005 ||||||||||||||000 | spa|| | ||
| 020 | _a84-7827-365-4 | ||
| 040 | _cAR-BaBNM | ||
| 100 | 1 | _aGüell, Manel | |
| 245 | 1 | 0 |
_a¿Por qué he dicho blanco si quería decir negro? _btécnicas asertivas para el profesorado y formadores |
| 250 | _a1ª ed. | ||
| 260 |
_aBarcelona _bGraó _c2005 |
||
| 300 | 0 | _a135 p. | |
| 490 | 0 |
_aDesarrollo profesional del profesorado _vv. 2 |
|
| 650 | 4 | _aROL DEL DOCENTE | |
| 650 | 4 | _aCOMPORTAMIENTO DEL DOCENTE | |
| 650 | 4 | _aFORMACION DE DOCENTES | |
| 650 | 4 | _aAUTOCONTROL | |
| 650 | 4 | _aAUTOEDUCACION | |
| 650 | 4 | _aTESTS | |
| 942 | _cBK | ||
| 998 | _cme-solo cat | ||
| 999 |
_c21128 _d21128 |
||